|
|
|
|
| LEADER |
00791nam a2200217 a 4500 |
| 001 |
c000094691 |
| 003 |
CARM |
| 005 |
00000000000000.0 |
| 008 |
940805s1960 enk 00011 eng d |
| 019 |
1 |
|
|a 11039107
|5 LACONCORD2021
|
| 035 |
|
|
|a (OCoLC)19091357
|5 LACONCORD2021
|
| 040 |
|
|
|a VLINC
|c VLINC
|
| 100 |
1 |
|
|a Rosenberg, John.
|
| 245 |
1 |
0 |
|a Fanfare for a murderer :
|b a detective novel /
|c by John and Elizabeth Rosenberg.
|
| 260 |
|
|
|a London :
|b Hogarth,
|c 1960.
|
| 300 |
|
|
|a 207 p. ;
|c 19 cm.
|
| 700 |
1 |
|
|a Rosenberg, Elizabeth.
|
| 852 |
8 |
|
|b CARM
|h A2:AG35H0
|i A00996
|p 0104046
|f BK
|
| 082 |
0 |
4 |
|a 823.914
|2 20
|
| 999 |
f |
f |
|i a977e41d-dd0d-5833-b52b-1036d5d621ff
|s 23d122f2-4280-51ae-a094-0a617221bbc6
|
| 952 |
f |
f |
|p Can circulate
|a CAVAL
|b CAVAL
|c CAVAL
|d CARM 1 Store
|e A00996
|f A2:AG35H0
|h Other scheme
|i book
|m 0104046
|